| 000 | 02216nam a22003737a 4500 | ||
|---|---|---|---|
| 001 | 100072 | ||
| 003 | KnowledgeUnlatched | ||
| 005 | 20210303105356.0 | ||
| 006 | m o d | ||
| 007 | cr u|||||||||| | ||
| 008 | 210129p20172017nyu o u00| u eng d | ||
| 035 | _a(OCoLC)963845229 | ||
| 037 | _5BiblioBoard | ||
| 245 | 0 | 0 |
_aArtifacts of Thinking _bReading Hannah Arendt's "Denktagebuch" / _cRoger Berkowitz, Ian Storey. |
| 020 | _a9780823272174 | ||
| 029 | 1 | _ahttps://library.biblioboard.com/ext/api/media/6886519c-88ab-442f-9a2e-7ec3bf733220/assets/thumbnail.jpg | |
| 040 |
_aScCtBLL _cScCtBLL |
||
| 506 | 0 |
_aAccess copy available to the general public. _fUnrestricted _2star |
|
| 700 | 1 |
_aBerkowitz, Roger _eeditor. |
|
| 700 | 1 |
_aStorey, Ian _eeditor. |
|
| 264 | 1 | _bFordham University Press, | |
| 300 | _a1 online resource (197 p.) | ||
| 520 | _aArtifacts of Thinking: Reading Arendt's Denktagebuch offers a path through Hannah Arendt's recently published Denktagebuch, or 'Book of Thoughts.' In this book a number of innovative Arendt scholars come together to ask how we should think about these remarkable writings in the context of Arendt's published writing and broader political thinking.Unique in its form, the Denktagebuch offers brilliant insights into Arendt's practice of thinking and writing. 'Artifacts of Thinking' provides an introduction to the Denktagebuch as well as a glimpse of these fascinating but untranslated fragments that reveal not only Arendt's understanding of the life of the mind but her true lived experience of it. | ||
| 588 | 0 | _aDescription based on print version record. | |
| 590 | _aKU Select 2016 Front List Collection | ||
| 650 | 7 |
_aPolitical Science / History & Theory _2bisacsh |
|
| 650 | 0 | _aPolitical science | |
| 655 | 0 | _aElectronic books. | |
| 758 |
_iIs found in: _aKnowledge Unlatched _1https://openresearchlibrary.org/module/2774bc74-146a-484f-a7ba-ab1d6a09bbfb |
||
| 856 | 4 | 0 |
_uhttps://openresearchlibrary.org/content/6886519c-88ab-442f-9a2e-7ec3bf733220 _zView this content on Open Research Library. _70 |
| 999 |
_c24727 _d24727 |
||